00967 2200193 4500001002100000005001500021035002000036007000300056008004100059020002200100082001100122084001700133100003500150245007800185260003800263300004700301700003100348520039400379INLIS00000000000236920260416084651 a0010-0426000047ta260416 j 0 ind  a978-623-202-283-6 a320.54 a320.54 AMI g0 aAmin Suprihatini ( Pengarang )1 aGaruda pancasila, semangatku /cAmin Suprihatini; editor, Yudi Suparyanto aKlaten :bPT Cempaka putih,c2020 a52 hlm :biIus,bergambar,berwarna ;c25 cm0 aYudi Suparyanto ( Editor ) aGaruda bukan sebatas gaya dan cengkerama, melainkan satuhal yang kita perlu dalam menekini kehidupan dan kekuatan. Itulah kata bijak yang tepat untuk menggambarkan pentingnya Garuda Pancasila bagi kehidupan bangsa indonesia. Garuda Pancasila adalah lambang negara Republik Indonesia. Garuda Pancasila memiliki arti penting bagi kelangsungan dan keituhan Negara kesatuan Republik Indonesia.